5HLuxD.jpg

KING HENRY VIII SENIOR AND PRIMARY SCHOOL LIBRARY OPAC

ROOTS (Record no. 5120)

000 -LEADER
fixed length control field 00345nam a22001337a 4500
008 - FIXED-LENGTH DATA ELEMENTS--GENERAL INFORMATION
fixed length control field 250625b ||||| |||| 00| 0 eng d
020 ## - INTERNATIONAL STANDARD BOOK NUMBER
International Standard Book Number 9781683424574
082 ## - DEWEY DECIMAL CLASSIFICATION NUMBER
Classification number 575.5 KLE
100 ## - MAIN ENTRY--PERSONAL NAME
Personal name KLEPEIS,ALICIA
Relator term AUTHOR
245 ## - TITLE STATEMENT
Title ROOTS
260 ## - PUBLICATION, DISTRIBUTION, ETC.
Name of publisher, distributor, etc. ROURKE EDUCATIONAL MEDIA
300 ## - PHYSICAL DESCRIPTION
Extent 24 PAGES
Other physical details COLOUR ILLUSTRATION
Dimensions 18 cm X 27 cm
942 ## - ADDED ENTRY ELEMENTS (KOHA)
Source of classification or shelving scheme
Holdings
Withdrawn status Lost status Source of classification or shelving scheme Damaged status Not for loan Collection code Permanent Location Current Location Shelving location Date acquired Full call number Barcode Date last seen Price effective from Koha item type Public note
          Non-Fiction KH8 Primary School Library KH8 Primary School Library Non Fiction 2025-06-25 575.5 KLE 3KHPL000002481 2025-12-05 2025-06-25 Books - Non Ficton KH8 PRIMARY LIBRARY

Powered By KH8 IT Dept